| 000 | 00976nam a2200181Ia 4500 | ||
|---|---|---|---|
| 008 | 100920s9999 xx 000 0 und d | ||
| 082 |
_b85779 _a51 न 04 |
||
| 100 | _aअनु. जोशी विमला./कौर बचिंत | ||
| 245 | _aपाऊलवाटा आयुष्याच्या काळ्या अक्षरांची प्रकाशमान आत्मकथा. | ||
| 260 |
_bचंद्रकला प्रकाशन, पुणे. _c2004 |
||
| 300 |
_a132 _bसाधी |
||
| 365 | _b120 | ||
| 520 | _aचरित्र. | ||
| 630 | _aपाऊलवाटा आयुष्याच्या काळ्या अक्षरांची प्रकाशमान आत्मकथा. | ||
| 650 | _aचरित्र. | ||
| 730 | _aपाऊलवाटा आयुष्याच्या काळ्या अक्षरांची प्रकाशमान आत्मकथा. | ||
| 942 | _cBOOK | ||
| 999 |
_c726290 _d726287 |
||